Paulo Freire y la educación popular /
Na minha lista:
| Autor principal: | |
|---|---|
| Formato: | Texto |
| Tags: |
Adicionar Tag
Sem tags, seja o primeiro a adicionar uma tag!
|
MARC
| LEADER | 00000 a a2200000 04500 | ||
|---|---|---|---|
| 001 | 42191 | ||
| 003 | |||
| 040 | |||
| 100 | |a Torres Carrillo, Alfonso | ||
| 245 | |a Paulo Freire y la educación popular / |c Alfonso Torres Carrillo | ||
| 500 | |a FINES DE LA EDUCACION |a FILOSOFIA DE LA EDUCACION |a POLITICA EDUCATIVA |a EDUCACION COMUNITARIA |a EDUCACION POLITICA |a METODOS PEDAGOGICOS |a CONCIENTIZACION |a LIBERACION |a BRASIL | ||
| 773 | |g volumen15, número7 ( , 2007), páginas 89-105 | ||
| 999 | |c 34218 |d 34218 | ||
